Folclorul românesc vol. 2.

Bibliographic Details
Main Author: Bîrlea, Ovidiu (Author)
Format: Book
Language:Romanian, Moldovan
PhysicalDescription:497 s. 8°
Published: Bucureşti Minerva 1983
Series:Momente şi sinteze

MARC

LEADER 00000nam a2200000 a 4500
001 vtls001327321
003 SK-MaSNL
005 20260301005617.0
008 251113s1983 RO 0 rum
035 |a SNK000280117 
040 |a SNK  |b slo  |c SNK  |e AACR2 
044 |a RO 
100 1 |a Bîrlea, Ovidiu  |4 aut  |9 290180 
245 1 |a Folclorul românesc  |n vol. 2.  |c Ovidiu Bîrlea 
260 |a Bucureşti  |b Minerva  |c 1983 
300 |a 497 s.  |c 8° 
490 1 |a Momente şi sinteze 
830 0 |a Momente şi sinteze  |9 290181 
958 |a OND 
999 |c 545677  |d 547607 
952 |t P60, <04>, [BOOK], {604}  |a SNK  |b SNK  |y VYP  |7 0  |o snkID 77740/2  |i snkV 2466/84  |0 0  |1 0  |4 0  |d 1998-04-08  |l 0  |r 2005-01-02 00:00:00  |w 2026-02-23